Leviticus and Numbers / (Record no. 8629)

MARC details
000 -LEADER
fixed length control field 01321cam a2200325 i 4500
001 - CONTROL NUMBER
control field 18594183
003 - CONTROL NUMBER IDENTIFIER
control field GBCCL
005 - DATE AND TIME OF LATEST TRANSACTION
control field 20241126110654.0
008 - FIXED-LENGTH DATA ELEMENTS--GENERAL INFORMATION
fixed length control field 150427s2015 miu b 001 0 eng
010 ## -
-- 2015015878
020 ## - INTERNATIONAL STANDARD BOOK NUMBER
International Standard Book Number 9780801092336 (pbk.)
040 ## - CATALOGING SOURCE
Original cataloging agency DLC
Language of cataloging eng
Transcribing agency DLC
Description conventions rda
Modifying agency DLC
042 ## -
-- pcc
050 00 -
-- BS1255.53
-- .S67 2015
082 00 - DEWEY DECIMAL CLASSIFICATION NUMBER
Classification number 221.7
-- 222.1307
Edition information 23
Item number TEA
100 1# - MAIN ENTRY--PERSONAL NAME
Personal name Sprinkle, Joe M.,
Relator term author.
9 (RLIN) 15229
245 10 - TITLE STATEMENT
Title Leviticus and Numbers /
Statement of responsibility, etc. Joe M. Sprinkle ; Mark L. Strauss and John H. Walton, general editors; Kevin and Sherry Harney, associate editors ; Adam Barr, contributing writer.
264 #1 - PRODUCTION, PUBLICATION, DISTRIBUTION, MANUFACTURE, AND COPYRIGHT NOTICE
Place of production, publication, distribution, manufacture Grand Rapids :
Name of producer, publisher, distributor, manufacturer Baker Books, a division of Baker Publishing Group,
Date of production, publication, distribution, manufacture, or copyright notice [2015]
300 ## - PHYSICAL DESCRIPTION
Extent xiv, 460 pages ;
Dimensions 24 cm.
336 ## - CONTENT TYPE
Content type term text
Content type code txt
Source rdacontent
337 ## - MEDIA TYPE
Media type term unmediated
Media type code n
Source rdamedia
338 ## - CARRIER TYPE
Carrier type term volume
Carrier type code nc
Source rdacarrier
490 0# - SERIES STATEMENT
Series statement Teach the text commentary series
504 ## - BIBLIOGRAPHY, ETC. NOTE
Bibliography, etc. note Includes bibliographical references (pages 441-449) and index.
630 00 - SUBJECT ADDED ENTRY--UNIFORM TITLE
Uniform title Bible.
Name of part/section of a work Leviticus
Form subdivision Commentaries.
9 (RLIN) 739
630 00 - SUBJECT ADDED ENTRY--UNIFORM TITLE
Uniform title Bible.
Name of part/section of a work Numbers
Form subdivision Commentaries.
9 (RLIN) 742
906 ## - LOCAL DATA ELEMENT F, LDF (RLIN)
a 7
b cbc
c orignew
d 1
e ecip
f 20
g y-gencatlg
942 ## - ADDED ENTRY ELEMENTS (KOHA)
Source of classification or shelving scheme Dewey Decimal Classification
Koha item type Reference Books
Holdings
Withdrawn status Lost status Source of classification or shelving scheme Damaged status Not for loan Home library Current Library Shelving location Date acquired Total checkouts Full call number Barcode Date last seen Copy number Price effective from Koha item type
    Dewey Decimal Classification     GRACE BIBLE COLLEGE GRACE BIBLE COLLEGE Commentary 2021-05-10   221.7 TEA 020274 2025-05-01 v.3 2021-05-10 Reference Books
© Grace Bible College Library 2025